Statystyki dla Skład FC Barcelony Sezon 23/24

Kliknij tutaj aby rozwiązać quiz!

Ogólne statystyki

  • Ten quiz został rozwiązany 230 razy
    (77 od ostatniego zresetowania)
  • Średni wynik to 18 z 28

Statystyki odpowiedzi

pozycjanazwiska% Poprawnych
NapastnikLewandowski
97%
Bramkarzter Stegen
97%
PomocnikGavi
94%
PomocnikPedri
94%
NapastnikTorres
84%
ObrońcaAraujo
82%
ObrońcaBalde
82%
Pomocnikde Jong
82%
BramkarzPena
82%
ObrońcaCancelo
81%
NapastnikRaphinha
79%
NapastnikFelix
78%
PomocnikGundogan
78%
ObrońcaKounde
78%
ObrońcaChristensen
73%
NapastnikYamal
73%
PomocnikRomeu
67%
ObrońcaRoberto
63%
NapastnikGuiu
52%
ObrońcaMartinez
52%
ObrońcaAlonso
49%
PomocnikLopez
48%
NapastnikRoque
43%
ObrońcaFort
31%
BramkarzAstralaga
27%
ObrońcaCubarsi
27%
PomocnikCasado
24%
PomocnikUnai
6%

Rozkład punktacji

Percentyl według liczby udzielonych odpowiedzi

Procent ludzi z każdym wynikiem

Twoja historia wyników

Nie rozwiązałeś tego quizu od ostatniego zresetowania